Opatrenia na podporu zamestnanosti v období COVID-19

Analýza opatrení na podporu zamestnanosti. Analýza požiadaviek, ktoré musia žiadatelie o túto podporu spĺňať. Popis legislatívnych úprav a projektu "Prvá pomoc".

Salvato in:
Dettagli Bibliografici
Autore principale: Lovciová, Kornélia, 1983-
Natura: Capitolo di libro
Lingua:slovacco
Soggetti:
Tags: Aggiungi Tag
Nessun Tag, puoi essere il primo ad aggiungerne!!

MARC

LEADER 00000naa$a2200000$$$4500
001 0280332
005 20240502074342.0
041 0 |a slo 
044 |a SK 
245 1 0 |a Opatrenia na podporu zamestnanosti v období COVID-19  |c Kornélia Lovciová 
520 |a Analýza opatrení na podporu zamestnanosti. Analýza požiadaviek, ktoré musia žiadatelie o túto podporu spĺňať. Popis legislatívnych úprav a projektu "Prvá pomoc". 
610 2 0 |a nezamestnanosť 
610 2 0 |a živnostníci 
610 2 0 |a podnik 
610 2 0 |a podpora štátna 
610 2 0 |a zamestnanci 
610 2 0 |a pandémia 
100 1 |a Lovciová, Kornélia, 1983-